000 00655nam a2200241 i 4500
001 C2-0317218
003 PPAK
005 20180728113428.0
008 120903s2000 at a|||| ||||| | eng d
020 _a0864427506
040 _aPPAK
_beng
_cPPAK
_erda
082 0 4 _a917.29104
_223
090 0 0 _a917.29104
_bSTA
_dR
100 1 _aStanley, David,
_eauthor
245 1 0 _aCuba
264 1 _aMelbourne :
_bLonely Planet Publications ,
_c2000
300 _a528 pages :
_bcolour illustrations ;
_c19 cm
336 _2rdacontent
_atext
337 _2rdamedia
_aunmediated
338 _2rdacarrier
_avolume
650 1 0 _aCuba guidebooks
942 _ddc
_cB
999 _c118300
_d118300